Význam a miesto energetickej politiky v SR diplomová práca

Salvato in:
Dettagli Bibliografici
Autore principale: Knap, Imrich
Ente Autore: Národohospodárska fakulta EU. Katedra hospodárskej politiky
Altri autori: Vincúr, Pavol
Natura: Libro
Lingua:slovacco
Pubblicazione: Bratislava 2009
Tags: Aggiungi Tag
Nessun Tag, puoi essere il primo ad aggiungerne!!

MARC

LEADER 00000nam$a2200000$$$4500
001 0095798
005 20240419112525.2
041 0 |a slo 
044 |a SK 
245 1 0 |a Význam a miesto energetickej politiky v SR  |b diplomová práca  |c Imrich Knap ; školiteľ: Pavol Vincúr 
264 1 |a Bratislava  |c 2009 
300 |a 74 s. 
100 1 |a Knap, Imrich 
700 1 |a Vincúr, Pavol 
710 2 |a Národohospodárska fakulta EU. Katedra hospodárskej politiky